000 00755nam a2200229Ii 4500
003 JO-AjNU
008 230605s9999||||xx |||||||||||||| ||und||
017 _a2001/7/1490
020 _a9957-11-216-3
040 _aJO-AjNU
_bara
_erda
_cJO-AjNU
041 _aara
050 1 4 _a JF1525.2001
100 3 _aتأليف القريوتي ، محمد قاسم ,
_eauthor
_929094
245 0 0 _aالاصلاح الاداري بين النظرية والتطبيق
250 _aط1
264 3 1 _aعمان : دار وائل ، 2001
300 _a156ص
336 _atext
_btxt
_2rdacontent
337 _aunmediated
_bn
_2rdamedia
338 _avolume
_bnc
_2rdacarrier
650 4 _aالادارة العامة -- الاصلاحات الادارية
_929095
999 _aA11367
_c14935
_d14935